| 000 | 00516nam a2200193Ia 4500 | ||
|---|---|---|---|
| 008 | 151119s9999||||xx |||||||||||||| ||und|| | ||
| 082 | _a891.46308 | ||
| 082 | _bGKKV9964 | ||
| 100 | _aवाळिंबे शरदचंद्र | ||
| 245 | _aरोजा | ||
| 260 | _a-- | ||
| 260 | _b-- | ||
| 260 | _c0 | ||
| 600 | _aवाळिंबे शरदचंद्र | ||
| 630 | _aरोजा | ||
| 700 | _aवाळिंबे शरदचंद्र | ||
| 730 | _aरोजा | ||
| 942 | _cBOOK | ||
| 999 |
_c1064176 _d1064173 |
||